00626 2200205 4500001002100000005001700021008004100038035002400079082001400103090002400117100002700141245007300168260008100241300001800322650003200340850001200372980001500384985000600399999001500405YOGYA-0209000005899820090227034600.0 ind  0010-020900000058998 a899.21133 a899.21133bLum SlT aLUMBANTOBING, Asrenius aSi aji donda hatahutan dan pangulubalangcOleh Asrenius Lumbantobing aJakartabProyek Penerbitan Buku Bacaan dan Sastra Indonesia dan Daerahc1978 a63 hlmc21 cm aKesusastraan Batak - Cerita aYOPDYOG a26-07-2008 a1 aa000022484